01793nam a2200229 a 450000100100000000500170001000800410002704000250006808200150009310000490010824503130015726000350047030000280050550000680053350505990060170000340120071000750123404900090130995201120131895201180143099900150154800000385020240311204353.0090714s2000 dr a 001 0 spa d aDO-SdBNPbspacBNPHU axxxxbxxxx1 aGómez García-Argüelles, Ricardo91163110aExplicación a las modificaciones de la nomenclatura del arancel de aduanas de la República Dominicana :bintroducción de las modificaciones del sistema armonizado 1996 y de su versión única en español /cRicardo Gómez García Agüelles, Gabino José Polanco ; presentación Celenia Vidal P. aSanto Domingo :bINCAT,c2000. a211 p. :bil. ;c25 cm. aIncluye datos biográficos de los autores en la contracubierta2 aOrganización Mundial de Aduanas (O.M.A) -- Origen de la actualización del sistema armonizado (S.A) -- Alcance general de las modificaciones -- Asignación de códigos numéricos a las subpartidas modificadas -- Evolución del arancel dominicano de aduanas -- Sector agrícola -- Sector químico -- Pieles, cuero, madera, papel -- Materias textiles, calzado -- Manufacturas de piedra, vidrio, metal precioso -- Metales comunes -- Máquinas, material eléctrico -- Material de transporte -- Instrumentos de óptica, de relojería, de música -- Productos diversos, objetos de arte.12aPolanco, Gabino José91163222aInstituto de Capacitación Tributaria (República Dominicana)973226 aBNPD 0010718PDaPDbPDcHDd2009-07-14iLF1l0oxxxx xxxxp3850-10r2020-06-25w2020-06-25yLFPDZNo se presta 0010718PDaPDbPDcHDd2009-07-14iLF1l0oxxxx xxxxp3850-20r2020-06-25te. 2w2020-06-25yLFPDZNo se presta c3672d3672